Normal view
MARC view
- BUSINESS COMPUTER NETWORK RESOURCES MANAGEMENT COMPUTER NETWORKS RESOURSES INTERET COMPUTER NETWORKS
Entry Topical Term
001 - CONTROL NUMBER
- control field: 67723
003 - CONTROL NUMBER IDENTIFIER
- control field: NUST
005 - DATE AND TIME OF LATEST TRANSACTION
- control field: 20210628203904.0
008 - FIXED-LENGTH DATA ELEMENTS
- fixed length control field: 210628|| aca||aabn | a|a d
040 ## - CATALOGING SOURCE
- Original cataloging agency: NUST
- Transcribing agency: NUST
150 ## - HEADING--TOPICAL TERM
- Topical term or geographic name entry element: BUSINESS COMPUTER NETWORK RESOURCES MANAGEMENT COMPUTER NETWORKS RESOURSES INTERET COMPUTER NETWORKS
670 ## - SOURCE DATA FOUND
- Source citation: Work cat.: (NUST): Markenka, Stephen, Watkins, C 67722, The internet edge in business, 1995
